000
00292nam a2200133Ia 4500
005
20260328101451.0
008
260328s9999||||xx |||||||||||||| ||und||
100
_a
Lee, Uje
245
0
_a
Identity WorkSpace /
_c
Uje Lee
260
_b
C3
300
_a
289 p.
650
_a
OFICINAS
942
_c
BK
999
_c
8649
_d
8649